Attire Classification and Detection / (Record no. 526432)
[ view plain ]
| 000 -LEADER | |
|---|---|
| fixed length control field | 00563nam a22001817a 4500 |
| 003 - CONTROL NUMBER IDENTIFIER | |
| control field | NUST |
| 020 ## - INTERNATIONAL STANDARD BOOK NUMBER | |
| Qualifying information | Hardcover. |
| 038 ## - RECORD CONTENT LICENSOR | |
| Staff Name | Mr. Zahoor |
| 082 ## - DEWEY DECIMAL CLASSIFICATION NUMBER | |
| Classification number | 629.892 |
| 100 ## - MAIN ENTRY--PERSONAL NAME | |
| Personal name | Yousuf, Saad Bin |
| 9 (RLIN) | 17435 |
| 245 ## - TITLE STATEMENT | |
| Title | Attire Classification and Detection / |
| Statement of responsibility, etc. | Saad Bin Yousuf |
| 260 ## - PUBLICATION, DISTRIBUTION, ETC. | |
| Place of publication, distribution, etc. | Islamabad : |
| Name of publisher, distributor, etc. | SMME - NUST, |
| Date of publication, distribution, etc. | 2018. |
| 300 ## - PHYSICAL DESCRIPTION | |
| Extent | ix, 41 p. : ill. ; |
| Dimensions | 30cm. |
| 650 ## - SUBJECT ADDED ENTRY--TOPICAL TERM | |
| Topical term or geographic name entry element | Robotics and intelligent Machines - MS Thesis |
| 9 (RLIN) | 17436 |
| 700 ## - ADDED ENTRY--PERSONAL NAME | |
| Personal name | Dr Hasan Sajid |
| 9 (RLIN) | 17340 |
| 856 ## - ELECTRONIC LOCATION AND ACCESS | |
| Uniform Resource Identifier | <a href="http://10.250.8.41:8080/xmlui/handle/123456789/9754">http://10.250.8.41:8080/xmlui/handle/123456789/9754</a> |
| 942 ## - ADDED ENTRY ELEMENTS (KOHA) | |
| Source of classification or shelving scheme | |
| Koha item type | Thesis |
| Withdrawn status | Lost status | Source of classification or shelving scheme | Damaged status | Not for loan | Permanent Location | Current Location | Shelving location | Date acquired | Full call number | Barcode | Date last seen | Price effective from | Koha item type |
|---|---|---|---|---|---|---|---|---|---|---|---|---|---|
| Central Library (CL) | Central Library (CL) | Thesis | 07/12/2019 | 629.892 | CL-T-2412 | 07/19/2019 | 07/12/2019 | Thesis |
